[Event "Lima Palma Memorial U1850 1st"]
[Site "Lima"]
[Date "2018.01.25"]
[Round "4.9"]
[White "Garceran Izquierdo, Ruben"]
[Black "Villanueva, David"]
[Result "1-0"]
[WhiteElo "1713"]
[BlackElo "1578"]
[PlyCount "69"]
[EventDate "2018.01.23"]
[EventType "swiss"]
[EventRounds "8"]
[EventCountry "PER"]
[SourceTitle "EXT 2024"]
[Source "ChessBase"]
[SourceDate "2023.10.10"]
[SourceVersion "1"]
[SourceVersionDate "2023.10.10"]
[SourceQuality "1"]

1. e4 e5 2. Nf3 Nc6 3. d4 exd4 4. Bc4 Nf6 5. e5 d5 6. Bb5 Ne4 7. Nxd4 Qh4 8. g3 Nxg3 9. fxg3 Qe4+ 10. Kf2 Bh3 11. Rg1 0-0-0 12. Bxc6 bxc6 13. Qd3 Bc5 14. Be3 Kb7 15. Qxe4 dxe4 16. c3 h5 17. Nd2 f5 18. exf6 Rhf8 19. Nxe4 Bb6 20. Nf3 gxf6 21. Nc5+ Kc8 22. a4 a5 23. b4 Rfe8 24. Rgd1 Bg4 25. Rxd8+ Rxd8 26. Nd4 Rd5 27. Nxc6 Rf5+ 28. Kg1 Rf3 29. Bd4 axb4 30. cxb4 h4 31. a5 Bxc5 32. Bxc5 hxg3 33. hxg3 Rxg3+ 34. Kh2 Rh3+ 35. Kg2 1-0

[Event "Lima Palma Memorial U1850 1st"]
[Site "Lima"]
[Date "2018.01.23"]
[Round "3.13"]
[White "Raime Tanta, Jhonathan Alexander"]
[Black "Garceran Izquierdo, Ruben"]
[Result "0-1"]
[WhiteElo "1353"]
[BlackElo "1713"]
[PlyCount "40"]
[EventDate "2018.01.23"]
[EventType "swiss"]
[EventRounds "8"]
[EventCountry "PER"]
[SourceTitle "EXT 2024"]
[Source "ChessBase"]
[SourceDate "2023.10.10"]
[SourceVersion "1"]
[SourceVersionDate "2023.10.10"]
[SourceQuality "1"]

1. e4 c6 2. d4 d5 3. Nc3 dxe4 4. Nxe4 Nd7 5. Nf3 Ngf6 6. Bd3 Nxe4 7. Bxe4 Nf6 8. Bd3 Bg4 9. c3 e6 10. Bg5 Be7 11. h3 Bh5 12. g4 Bg6 13. Qe2 Qa5 14. Bh4 Nd5 15. Qd2 Bxd3 16. Qxd3 Nf4 17. Qf1 Qd5 18. Bxe7 Qxf3 19. Bg5 Nd3+ 20. Kd2 Nxb2 0-1

[Event "Lima Surco op 2nd"]
[Site "Lima"]
[Date "2017.07.09"]
[Round "4"]
[White "Espino, Jhonathan"]
[Black "Garceran Izquierdo, Ruben"]
[Result "1-0"]
[WhiteElo "1604"]
[BlackElo "1742"]
[PlyCount "56"]
[EventDate "2017.07.08"]
[EventType "swiss"]
[EventRounds "9"]
[EventCountry "PER"]
[SourceTitle "EXT 2018"]
[Source "ChessBase"]
[SourceDate "2017.10.13"]
[SourceVersion "1"]
[SourceVersionDate "2017.10.13"]
[SourceQuality "1"]

1. e4 c6 2. d4 d5 3. Nc3 dxe4 4. Nxe4 Nd7 5. Nf3 Ngf6 6. Ng3 e6 7. Bd3 c5 8. c3 Be7 9. 0-0 0-0 10. Re1 Qc7 11. Ng5 h6 12. Nf3 b6 13. Nf5 Bd8 14. Nxh6+ gxh6 15. Bxh6 Re8 16. Ne5 Bb7 17. Re3 Nf8 18. Rg3+ Ng6 19. Nxg6 fxg6 20. Bxg6 Re7 21. d5 Bxd5 22. Qd2 Qb7 23. Qg5 Rg7 24. Bxg7 Kxg7 25. Bh5+ Kf8 26. Qh6+ Ke7 27. Rg7+ Kd6 28. Rxb7 Bxb7 1-0

[Event "PER-ch"]
[Site "Lima"]
[Date "2017.03.02"]
[Round "4"]
[White "Garceran Izquierdo, Ruben"]
[Black "Sumi, Diego"]
[Result "1-0"]
[WhiteElo "1745"]
[BlackElo "1466"]
[PlyCount "79"]
[EventDate "2017.03.01"]
[EventType "swiss"]
[EventRounds "9"]
[EventCountry "PER"]
[SourceTitle "CBM 177 Extra"]
[Source "ChessBase"]
[SourceDate "2017.04.27"]
[SourceVersion "1"]
[SourceVersionDate "2017.04.27"]
[SourceQuality "1"]

1. e4 c5 2. c4 Nc6 3. Nc3 d6 4. g3 e5 5. Bg2 g6 6. Nge2 Bg7 7. d3 a6 8. Nd5 Nge7 9. Nec3 Be6 10. Bg5 0-0 11. Nf6+ Kh8 12. Nfd5 f6 13. Be3 Rb8 14. a4 Bxd5 15. exd5 Nd4 16. Ne4 Nef5 17. Bd2 b5 18. axb5 axb5 19. b3 bxc4 20. bxc4 Rb3 21. Ba5 Qb8 22. 0-0 Ne7 23. Rb1 h6 24. Rxb3 Nxb3 25. Bc3 f5 26. Nxd6 Qxd6 27. Qxb3 f4 28. Rb1 fxg3 29. hxg3 Qf6 30. Be1 Qf5 31. Be4 Qg5 32. Qb6 Nf5 33. Qxc5 h5 34. d6 h4 35. Bxf5 Qxf5 36. Qe3 Rd8 37. c5 hxg3 38. fxg3 Qh5 39. Kg2 Rf8 40. Bd2 1-0

[Event "Lima Santisimo Nombre de Jesus 3"]
[Site "Lima"]
[Date "2014.06.21"]
[Round "2"]
[White "Garceran Izquierdo, Ruben"]
[Black "Flores Quillas, Diego Saul Rodrigo"]
[Result "0-1"]
[WhiteElo "1705"]
[BlackElo "1600"]
[PlyCount "99"]
[EventDate "2014.06.21"]
[EventType "swiss"]
[EventRounds "8"]
[EventCountry "PER"]
[SourceTitle "EXT 2024"]
[Source "ChessBase"]
[SourceDate "2023.10.10"]
[SourceVersion "1"]
[SourceVersionDate "2023.10.10"]
[SourceQuality "1"]

1. e4 c5 2. Nf3 d6 3. Bb5+ Bd7 4. Bxd7+ Qxd7 5. 0-0 Nf6 6. e5 dxe5 7. Nxe5 Qd5 8. Re1 e6 9. Nc3 Qd8 10. Qf3 Qc8 11. d3 Be7 12. Qg3 0-0 13. Bh6 Ne8 14. Bd2 Nc6 15. Nxc6 Qxc6 16. Ne4 Qc7 17. Bf4 Qc6 18. a3 Rd8 19. Be5 h6 20. Bf4 Kh7 21. Qe3 Nf6 22. Nxf6+ Bxf6 23. Be5 Bxe5 24. Qxe5 Qd5 25. Qc3 Qd4 26. Qb3 Qd5 27. Qc3 Qd4 28. Rab1 Rd5 29. Re4 Qf6 30. Qxf6 gxf6 31. b4 Rc8 32. Rc4 b5 33. Rc3 Kg6 34. Kf1 Kf5 35. Ke2 Ke5 36. Ke3 f5 37. f4+ Kf6 38. Rxc5 Rcxc5 39. bxc5 Rxc5 40. Kd2 Kg6 41. Rb4 Kh5 42. c4 bxc4 43. Rxc4 Rd5 44. Ra4 a5 45. Ke3 Kg4 46. Rc4 Rd7 47. Rc5 Ra7 48. a4 h5 49. Rc8 Kh4 50. Rg8 0-1

[Event "Madrid Gredos San Diego op"]
[Site "Madrid"]
[Date "2013.04.28"]
[Round "5"]
[White "Martinez Miura, Enrique"]
[Black "Garceran Izquierdo, Ruben"]
[Result "1/2-1/2"]
[WhiteElo "1743"]
[BlackElo "1698"]
[PlyCount "95"]
[EventDate "2013.04.25"]
[EventType "swiss"]
[EventRounds "5"]
[EventCountry "ESP"]
[SourceTitle "EXT 2015"]
[Source "ChessBase"]
[SourceDate "2014.11.20"]
[SourceVersion "1"]
[SourceVersionDate "2014.11.20"]
[SourceQuality "1"]

1. e4 d5 2. exd5 Qxd5 3. Nc3 Qa5 4. Nf3 Nf6 5. h3 c6 6. d4 Bf5 7. Bd2 Qb6 8. Bc4 e6 9. Bb3 Bd6 10. 0-0 Nbd7 11. Re1 0-0-0 12. Qc1 Qc7 13. a4 h6 14. Nh4 Bh7 15. f4 g5 16. fxg5 hxg5 17. Bxg5 Bg3 18. Rf1 Bxh4 19. Bxh4 Bf5 20. Qf4 Qxf4 21. Rxf4 Rdg8 22. Bxf6 Nxf6 23. Re1 Rg7 24. g4 Bg6 25. Re3 Rgh7 26. Rff3 Kc7 27. Kg2 Rd8 28. Ne2 Nd5 29. Re5 Nb4 30. Rc3 Rh6 31. a5 Rd6 32. g5 Rh4 33. Kg3 Rh8 34. Nf4 Bf5 35. h4 Rxd4 36. g6 Rxf4 37. Kxf4 Rxh4+ 38. Kg5 Rg4+ 39. Kf6 Bxg6 40. Rg5 Re4 41. Rc4 Nd5+ 42. Kg7 Re2 43. Rc5 Rh2 44. Bxd5 exd5 45. Rgxd5 Rxc2 46. Rxc2 Bxc2 47. Rd2 Bb3 48. Kf6 1/2-1/2

[Event "San Sebastian de los Reyes op 14th"]
[Site "San Sebastian"]
[Date "2012.12.05"]
[Round "5"]
[White "Garceran Izquierdo, Ruben"]
[Black "Jimenez Perez, Federico"]
[Result "1-0"]
[WhiteElo "1669"]
[BlackElo "1275"]
[PlyCount "55"]
[EventDate "2012.12.01"]
[EventType "swiss"]
[EventRounds "9"]
[EventCountry "ESP"]
[SourceTitle "CBM 151 Extra"]
[Source "ChessBase"]
[SourceDate "2012.12.18"]
[SourceVersion "1"]
[SourceVersionDate "2012.12.18"]
[SourceQuality "1"]

1. c4 d6 2. d4 Nf6 3. Nc3 Nbd7 4. e4 e5 5. d5 Be7 6. f4 0-0 7. Nf3 c6 8. fxe5 Ng4 9. exd6 Qb6 10. Nd4 Bxd6 11. Qxg4 Qxd4 12. Qd1 Qc5 13. a3 a6 14. b4 Qa7 15. c5 Be5 16. Qd3 Nf6 17. Bd2 Bd7 18. Be2 Rad8 19. Rc1 Rfe8 20. 0-0 cxd5 21. exd5 Bxc3 22. Bxc3 Bb5 23. Qg3 Rxd5 24. Bxf6 g6 25. Bxb5 axb5 26. Rce1 Rxe1 27. Rxe1 h5 28. Re8+ 1-0

[Event "San Sebastian de los Reyes op 14th"]
[Site "San Sebastian"]
[Date "2012.12.01"]
[Round "1"]
[White "Garceran Izquierdo, Ruben"]
[Black "Adan Bermudez, Sergio"]
[Result "0-1"]
[WhiteElo "1669"]
[BlackElo "2285"]
[PlyCount "70"]
[EventDate "2012.12.01"]
[EventType "swiss"]
[EventRounds "9"]
[EventCountry "ESP"]
[SourceTitle "CBM 151 Extra"]
[Source "ChessBase"]
[SourceDate "2012.12.18"]
[SourceVersion "1"]
[SourceVersionDate "2012.12.18"]
[SourceQuality "1"]

1. c4 d6 2. d4 Nf6 3. Nc3 e5 4. dxe5 dxe5 5. Qxd8+ Kxd8 6. Bg5 Be6 7. 0-0-0+ Nbd7 8. Nf3 Kc8 9. e3 c6 10. a3 Ng4 11. Bh4 f6 12. Ne4 Nh6 13. Nfd2 Nf5 14. Bg3 Be7 15. h4 h5 16. Be2 a5 17. a4 g6 18. Nb1 Nxg3 19. Nxg3 f5 20. Nc3 Bb4 21. Na2 Nc5 22. Kc2 f4 23. exf4 exf4 24. Nxb4 axb4 25. Nf1 Bf5+ 26. Bd3 Nxd3 27. Rxd3 Rd8 28. b3 Rxd3 29. Kb2 b5 30. axb5 Rd1 31. Ng3 Rd2+ 32. Kc1 Rc2+ 33. Kb1 fxg3 34. fxg3 Re2+ 35. Kc1 Ra1# 0-1

[Event "ESP-ch 77th"]
[Site "San Agustin"]
[Date "2012.09.30"]
[Round "2"]
[White "Garcia Cruz, Jose Manuel"]
[Black "Garceran Izquierdo, Ruben"]
[Result "1/2-1/2"]
[WhiteElo "1368"]
[BlackElo "1719"]
[PlyCount "64"]
[EventDate "2012.09.29"]
[EventType "swiss"]
[EventRounds "9"]
[EventCountry "ESP"]
[SourceTitle "EXT 2014"]
[Source "ChessBase"]
[SourceDate "2013.11.20"]
[SourceVersion "1"]
[SourceVersionDate "2013.11.20"]
[SourceQuality "1"]

1. d4 c5 2. d5 d6 3. c4 Nf6 4. Nc3 e5 5. Nf3 Be7 6. Bg5 0-0 7. e3 Nbd7 8. Bd3 Nxd5 9. Bxe7 Nxe7 10. Ng5 Nf6 11. Qc2 g6 12. 0-0 Nc6 13. a3 Nh5 14. Nf3 f5 15. e4 Nf4 16. Rad1 Nd4 17. Nxd4 cxd4 18. Nd5 Nxd5 19. cxd5 Bd7 20. f3 Rc8 21. Qb3 Qc7 22. Rc1 Qb8 23. Qb4 b6 24. Ba6 Rc5 25. Qd2 Bb5 26. Bxb5 Rxb5 27. Rc6 Rc5 28. b4 Rxc6 29. dxc6 fxe4 30. Qa2+ Kg7 31. fxe4 Rxf1+ 32. Kxf1 b5 1/2-1/2